On This Day: February 20th II Quiz Stats

 Plays Quiz Updated Feb 20, 2018

Score 0/7 Timer 03:00
0 Plays Today
Question Answer Wrong Answers
This museum, today the largest art museum in the United States, opens in New York City.
1872
Metropolitan Museum of Art
80.9%
Museum of Modern Art
15.6%
National Gallery of Art
2.5%
Freer Gallery of Art
0.5%
This American artist, whose work became popular for its reflection of American culture, publishes his ‘Four Freedoms’ in The Saturday Evening Post.
1943
Norman Rockwell
76.3%
Andy Warhol
12.3%
Jackson Pollock
7.5%
Thomas Kinkade
2.8%
This American basketball player and sportscaster, nicknamed ‘The Round Mound of Rebound’, is born.
1963
Charles Barkley
72.9%
Kareem Abdul-Jabbar
14.3%
Hakeem Olajuwon
5.2%
Clyde Drexler
6.3%
The United States Emergency ______ System is accidentally activated in an erroneous national alert, exposing major flaws in the system.
1971
Broadcast
69.7%
Warning
17.7%
Notification
5.2%
Alarm
5.8%
In Tirana, mobs of angry protesters bring down a statue of Enver Hoxha, the longtime leader of this country.
1991
Albania
58%
Turkey
10%
Kazakhstan
13.5%
Estonia
16.6%
Spain becomes the first country to vote in a referendum on ratification of the proposed ______ of the European Union, passing it by a substantial margin, but on a low turnout.
2005
Constitution
32.9%
Breakup
22.4%
Expansion
36.2%
Tax Reform
6.4%
A peace agreement is signed between President Tomás Villalba and rebel leader Venancio Flores, ending the ______, and setting the scene for the War of the Triple Alliance.
1865
Uruguayan War
21.4%
Panamanian War
19.3%
Mexican War
53.4%
Cuban War
5.7%

You're not logged in!

Compare scores with friends on all Sporcle quizzes.
OR
Log In

Sporcle TV

Today on Sporcle TV


Watch our educational content, quiz creation guides, and fun videos on Sporcle TV.

Show Comments

Extras

Top Quizzes Today


Score Distribution

Your Account Isn't Verified!

In order to create a playlist on Sporcle, you need to verify the email address you used during registration. Go to your Sporcle Settings to finish the process.

Report this User

Report this user for behavior that violates our Community Guidelines.

Details: